000 00473nam a2200169 i 4500
001 51366
003 ES-MaACL
005 20230906162338.0
007 t|
008 030812s1967 sp ||||1| spa d
100 1 _aDahl, Walter.
_942443
245 1 0 _aHasta el final /
_cWalter Dahl ; [traducción de Diorki].
260 _aMadrid :
_bFermín Uriarte,
_c[1967]
300 _a306 p., 17 lám. ;
_c22 cm.
710 2 _aDiorki.
_93392
852 _aES-MaACL
_jC-50469
_bR.67420
999 _c51366
_d51366